| 000 | 01506nam a22002777a 4500 | ||
|---|---|---|---|
| 005 | 20101206113148.0 | ||
| 008 | 101206t xxu||||| |||| 00| 0 hin d | ||
| 010 | _aHIN-91547 | ||
| 020 |
_c250.00 _a9788173094491 |
||
| 035 | _aHN-63893 | ||
| 037 | _bDBAD/PUB | ||
| 040 |
_aDPL _bHN |
||
| 082 | _a821 | ||
| 100 | _924598 | ||
| 245 |
_aपुष्करिणी / _cसच्चिदानंद हीरानंद वात्स्यायन 'अज्ञेय ' |
||
| 246 |
_aPushkarini _bEd by S.H. Vatsyayan ' Ajneya' |
||
| 260 |
_aनई दिल्ली _bसस्ता साहित्य मण्डल _c2010 |
||
| 270 |
_aएन-77, पहली मंजिल, कनॉट सर्कस _bनई दिल्ली _e110001 |
||
| 300 |
_a224पृ _c22सेमी (सजिल्द) |
||
| 500 | _aसर्वश्री मैथिलीशरण गुप्त, माखनलाल चतुर्वेदी, सियारामशरण गुप्त, दिनकर, प्रसाद, निराला, सुमित्रानंदन पंत, महादेवी वर्मा | ||
| 650 |
_91169 _aहिनदी कविता |
||
| 700 |
_924599 _aराधामणि, पी.के. |
||
| 700 | _925390 | ||
| 942 |
_2ddc _cHN _mपुष्करि _h821 |
||
| 999 |
_c49971 _d49971 |
||